header

Embedded visual system and its applications on robots (Record no. 137164)

MARC details
000 -LEADER
fixed length control field 01045nam a2200265Ia 4500
100 1# - MAIN ENTRY--AUTHOR NAME
Personal name Xu, De.
245 10 - TITLE STATEMENT
Title Embedded visual system and its applications on robots
260 ## - PUBLICATION, DISTRIBUTION, ETC. (IMPRINT)
Place of publication [S.l.] :
Name of publisher Bentham e Books,
Year of publication [2010]
300 ## - PHYSICAL DESCRIPTION
Number of Pages iii, 134 p. :
Other physical details ill.
650 #0 - SUBJECT ADDED ENTRY--TOPICAL TERM
Topical Term Embedded computer systems.
Topical Term Robotics.
856 40 - ELECTRONIC LOCATION AND ACCESS
Uniform Resource Identifier http://site.ebrary.com/lib/rucke/Doc?id=10447994

No items available.

© 2026 Rongo University
Contact us: librarian | system librarian | Rongo university